[Event "DM 2026 G7 A"]
[Site "Svendborg"]
[Date "2026.04.04"]
[Round "5.2"]
[White "Justesen, Asger"]
[Black "Andersen, Rune"]
[Result "1-0"]
[WhiteElo "2086"]
[BlackElo "2051"]
[WhiteFideId "1476173"]
[BlackFideId "1405683"]
[EventDate "2026.03.31"]
[EventType "swiss"]
[EventRounds "7"]
[EventCountry "DEN"]
[SourceTitle "Live v. Kasper Jerwiarz"]

1. d4 d5 2. c4 c6 3. Nf3 Nf6 4. e3 Bg4 5. Qb3 Qc7 6. Ne5 Bh5 7. Nc3 e6 8. Bd2 Nbd7 9. Rc1 Rc8 10. Nxd7 Qxd7 11. Bd3 Bd6 12. O-O Bg6 13. Bxg6 hxg6 14. g3 Ng4 15. h4 f5 16. f3 Nf6 17. Kg2 Nh5 18. Ne2 Qe7 19. Rh1 Qc7 20. Nf4 Nxf4+ 21. exf4 Kf7 22. Rhe1 Rhe8 23. Re2 Qd7 24. Rce1 b6 25. Be3 Be7 26. Bf2 Bf6 27. a4 Rcd8 28. Rd1 Qd6 29. Rc2 Rc8 30. Rdc1 Re7 31. Qa2 dxc4 32. Qxc4 Rd7 33. Re2 Qd5 34. Qa6 Rcc7 35. Rc4 Rd6 36. b4 Rdd7 37. Rec2 Qd6 38. b5 cxb5 39. axb5 Rxc4 40. Rxc4 Rc7 41. Qa2 Rxc4 42. Qxc4 Qd7 43. Kf1 Ke8 44. Ke2 Kd8 45. Kd3 Qd5 46. Qxd5+ exd5 47. Be1 Kc8 48. Bb4 Kb7 49. Bd6 a6 50. bxa6+ Kxa6 51. Be5 Be7 52. Bxg7 Kb5 53. Bh6 Ka4 54. Bg5 Bf8 55. Kc2 b5 56. g4 Bg7 57. h5 gxh5 58. gxh5 b4 59. h6 Bf8 60. Kb2 b3 61. h7 Bg7 62. Be7 Bxd4+ 63. Kb1 Bh8 64. Bd6 d4 65. Be5 d3 66. Kc1 1-0

[Event "DM 2026 G7 A"]
[Site "Svendborg"]
[Date "2026.04.04"]
[Round "5.3"]
[White "Ramsdal, Lasse Andreas"]
[Black "Leimand, Jens Christian"]
[Result "1-0"]
[WhiteElo "1946"]
[BlackElo "2129"]
[WhiteFideId "1440675"]
[BlackFideId "1404270"]
[EventDate "2026.03.31"]
[EventType "swiss"]
[EventRounds "7"]
[EventCountry "DEN"]
[SourceTitle "Live v. Kasper Jerwiarz"]

1. d4 d5 2. Nf3 Nf6 3. g3 Bf5 4. Bg2 c6 5. O-O h6 6. c4 e6 7. Nc3 Nbd7 8. Qb3 Qb6 9. c5 Qc7 10. Bf4 Qc8 11. h4 Be7 12. Qd1 O-O 13. b4 Ng4 14. Re1 Ndf6 15. Ne5 Nxe5 16. dxe5 Nd7 17. e4 dxe4 18. Bxe4 a5 19. a3 b6 20. cxb6 axb4 21. Bxf5 bxc3 22. Bc2 Nxb6 23. Bxh6 f5 24. exf6 Rxf6 25. Bg5 Rf7 26. Bxe7 Rxe7 27. Qh5 Nd7 28. Bh7+ Kf8 29. Bg6 Nf6 30. Qh8+ Ng8 31. Re3 Raa7 32. Bh7 1-0

[Event "DM 2026 G7 A"]
[Site "Svendborg"]
[Date "2026.04.04"]
[Round "5.4"]
[White "Jepsen, Thomas Tange"]
[Black "Hollesen, Kurt"]
[Result "1/2-1/2"]
[WhiteElo "2008"]
[BlackElo "1977"]
[WhiteFideId "1405357"]
[BlackFideId "1406817"]
[EventDate "2026.03.31"]
[EventType "swiss"]
[EventRounds "7"]
[EventCountry "DEN"]
[SourceTitle "Live v. Kasper Jerwiarz"]

1. d4 d5 2. c4 e6 3. Nc3 c6 4. Nf3 Nf6 5. Bg5 Be7 6. e3 Nbd7 7. Qc2 a6 8. cxd5 exd5 9. Be2 Bd6 10. Bd3 h6 11. Bh4 Qc7 12. O-O O-O 13. Rac1 Re8 14. a3 a5 15. Nb5 Qb8 16. Nxd6 Qxd6 17. Rfe1 Ne4 18. Bg3 Nxg3 19. hxg3 g6 20. e4 dxe4 21. Bxe4 Kg7 22. Bd3 Rxe1+ 23. Rxe1 Nf6 24. Qc5 Qxc5 25. dxc5 Be6 26. Ne5 Re8 27. f3 Bb3 28. Kf2 Rd8 29. Bc4 Bxc4 30. Nxc4 Rd5 31. Nxa5 Rxc5 32. b4 Rc3 33. Nxb7 Rxa3 34. Nd8 Rc3 35. Re7 Nd5 36. Rxf7+ Kg8 37. Rb7 Rc2+ 38. Ke1 Ne3 39. Rc7 Nxg2+ 40. Kf1 Ne3+ 41. Ke1 Ng2+ 42. Kd1 Ne3+ 1/2-1/2

[Event "DM 2026 G7 A"]
[Site "Svendborg"]
[Date "2026.04.04"]
[Round "5.5"]
[White "Bjerg, Ludvig"]
[Black "Jensen, Morten Frank"]
[Result "1-0"]
[WhiteElo "1958"]
[BlackElo "1995"]
[WhiteFideId "1477676"]
[BlackFideId "1407325"]
[EventDate "2026.03.31"]
[EventType "swiss"]
[EventRounds "7"]
[EventCountry "DEN"]
[SourceTitle "Live v. Kasper Jerwiarz"]

1. e4 d6 2. d4 Nf6 3. Nc3 g6 4. f4 Bg7 5. Nf3 O-O 6. Bd3 Nc6 7. O-O e5 8. d5 Nd4 9. fxe5 dxe5 10. h3 c6 11. dxc6 bxc6 12. Be3 Rb8 13. Na4 Qa5 14. c3 Nxf3+ 15. Rxf3 Rd8 16. b4 Qc7 17. Qc2 Nd7 18. Bc4 Rf8 19. Raf1 Kh8 20. Rxf7 Qd8 21. Qd2 Qh4 22. Rxf8+ Nxf8 23. Qd6 Nd7 24. Nc5 Qd8 25. Rf7 Bf8 26. Qd2 Bxc5 27. Bxc5 Qe8 28. Re7 1-0

[Event "DM 2026 G7 A"]
[Site "Svendborg"]
[Date "2026.04.04"]
[Round "5.6"]
[White "Jensen, Soren"]
[Black "Sonne, Lasse"]
[Result "0-1"]
[WhiteElo "1992"]
[BlackElo "1979"]
[WhiteFideId "1421204"]
[BlackFideId "1477161"]
[EventDate "2026.03.31"]
[EventType "swiss"]
[EventRounds "7"]
[EventCountry "DEN"]
[SourceTitle "Live v. Kasper Jerwiarz"]

1. e4 e5 2. Nf3 Nc6 3. Bc4 Nf6 4. d4 exd4 5. O-O Nxe4 6. Nc3 Nxc3 7. bxc3 Be7 8. cxd4 d5 9. Bb5 O-O 10. c3 Bg4 11. Qd3 Bd6 12. Bg5 f6 13. Bh4 Ne7 14. Bg3 Nf5 15. Bxd6 Nxd6 16. Ba4 Bxf3 17. Qxf3 Ne4 18. Rfe1 f5 19. Rac1 c6 20. Qd3 b5 21. Bb3 Qh4 22. Re2 Rae8 23. Rf1 Kh8 24. Bc2 a6 25. Re3 g6 26. g3 Qf6 27. f3 Nd6 28. Rfe1 f4 29. Rxe8 Rxe8 30. Rxe8+ Nxe8 31. Qe2 Nd6 32. g4 Kg7 33. Kg2 Nc4 34. Kh3 Ne3 35. Qd3 Qg5 0-1

[Event "DM 2026 G7 A"]
[Site "Svendborg"]
[Date "2026.04.04"]
[Round "5.7"]
[White "Ramsdal, Mikkel"]
[Black "Poulsen, Peter Risgaard"]
[Result "1-0"]
[WhiteElo "1995"]
[BlackElo "1898"]
[WhiteFideId "1438484"]
[BlackFideId "1407333"]
[EventDate "2026.03.31"]
[EventType "swiss"]
[EventRounds "7"]
[EventCountry "DEN"]
[SourceTitle "Live v. Kasper Jerwiarz"]

1. Nf3 d5 2. d4 c6 3. g3 e6 4. Bg2 f5 5. Bf4 Bd6 6. Bxd6 Qxd6 7. O-O Nf6 8. Ne5 Nbd7 9. f4 b6 10. c4 Bb7 11. Nd2 O-O 12. Ndf3 c5 13. e3 Rac8 14. Rc1 Qe7 15. Qa4 a6 16. b3 Rfd8 17. Qa3 Qe8 18. h3 Qh5 19. Nxd7 Nxd7 20. Qb2 Qg6 21. Kh2 Qf6 22. Rfd1 h6 23. Qe2 g5 24. Ne5 Qg7 25. Bf3 Nxe5 26. dxe5 dxc4 27. bxc4 Rd7 28. Bxb7 Rxb7 29. Rd6 Qe7 30. Rcd1 Rcc7 31. e4 Qf7 32. Qd3 b5 33. Rxa6 bxc4 34. Qxc4 Rb2+ 35. Kh1 Qh5 36. Qxe6+ Rf7 37. Qg6+ Qxg6 38. Rxg6+ Kh7 39. exf5 Rxf5 40. Rdd6 gxf4 41. Rxh6+ Kg7 42. Rdg6+ Kf8 43. Rf6+ Rxf6 44. Rxf6+ Ke7 45. gxf4 Rxa2 46. h4 c4 47. Rc6 Rc2 48. h5 c3 49. h6 Kf7 50. Rc7+ Kg8 51. Kg1 Re2 52. Rxc3 Re4 53. Rc8+ Kh7 54. Rf8 Kxh6 55. Kf2 Kg6 56. Rf6+ Kg7 57. Kf3 Re1 58. Ra6 Kf7 59. Kg4 Rb1 60. Kf5 Rb7 61. Kg5 Rb5 62. Rc6 Rb1 63. Rc5 Rb2 64. Kf5 Rb7 65. e6+ Ke7 66. Ke5 Rb8 67. Rc7+ Ke8 68. Rh7 Ra8 1-0

[Event "DM 2026 G7 A"]
[Site "Svendborg"]
[Date "2026.04.04"]
[Round "5.8"]
[White "Paludan, Noah"]
[Black "Bratholm, Palle"]
[Result "1-0"]
[WhiteElo "1987"]
[BlackElo "2061"]
[WhiteFideId "1474987"]
[BlackFideId "1404083"]
[EventDate "2026.03.31"]
[EventType "swiss"]
[EventRounds "7"]
[EventCountry "DEN"]
[SourceTitle "Live v. Kasper Jerwiarz"]

1. e4 e6 2. d4 d5 3. e5 c5 4. c3 Nc6 5. Nf3 Bd7 6. Be2 Nh6 7. O-O Nf5 8. dxc5 a5 9. Bd3 Nh4 10. Nbd2 Bxc5 11. Re1 Qb6 12. Qe2 Ng6 13. Nb3 Be7 14. g3 f6 15. exf6 gxf6 16. Be3 Qc7 17. Nc5 Bc8 18. Na4 Bd7 19. Bb6 Qb8 20. Rad1 Nce5 21. Bc2 Kf7 22. Nd4 Qc8 23. Bb3 Ra6 24. f4 Bxa4 25. Bxa4 Nc4 26. Nxe6 Rxb6 27. f5 Nge5 28. Qh5+ Ng6 29. fxg6+ hxg6 30. Ng5+ fxg5 31. Rxe7+ Kxe7 32. Qxg5+ Rf6 33. Re1+ Kf7 34. Qxd5+ Kg7 35. Re7+ Kh6 36. Qd4 Rf5 37. Qg7+ Kg5 38. h4+ Kg4 39. Qd4+ Kh3 40. Bd7 Qc5 41. Qxc5 1-0

[Event "DM 2026 G7 A"]
[Site "Svendborg"]
[Date "2026.04.04"]
[Round "5.9"]
[White "Rasmussen, Victoria"]
[Black "Juulsen, Elias Tipsmark"]
[Result "0-1"]
[WhiteElo "1811"]
[BlackElo "1933"]
[WhiteFideId "1487531"]
[BlackFideId "1476831"]
[EventDate "2026.03.31"]
[EventType "swiss"]
[EventRounds "7"]
[EventCountry "DEN"]
[SourceTitle "Live v. Kasper Jerwiarz"]

1. e4 c5 2. Nf3 g6 3. c3 Bg7 4. d4 cxd4 5. cxd4 d6 6. Nc3 Nc6 7. h3 a6 8. d5 Ne5 9. Nxe5 Bxe5 10. Be3 Bd7 11. Bd3 Bg7 12. Qb3 b5 13. O-O Nf6 14. f4 O-O 15. e5 Ne8 16. e6 Bc8 17. f5 gxf5 18. Bxf5 Nf6 19. exf7+ Rxf7 20. Bg5 Bxf5 21. Rxf5 Qb6+ 22. Kh1 Raf8 23. Bxf6 Rxf6 24. Rxf6 Rxf6 25. Ne4 Rf4 26. Ng5 Qf2 27. Ne6 Qxb2 28. Qxb2 Bxb2 29. Rb1 Rf2 30. Kg1 Rd2 31. Rf1 Bf6 32. Rf2 Rxd5 33. Nc7 Rd3 34. Re2 Be5 35. Nxa6 Bg3 36. Rf2 Bxf2+ 37. Kxf2 Rd2+ 38. Kf3 Rxa2 39. Nb4 Rb2 40. Nc6 Kf7 41. g4 b4 42. Ke4 b3 43. Nd4 Rb1 0-1

[Event "DM 2026 G7 A"]
[Site "Svendborg"]
[Date "2026.04.04"]
[Round "5.10"]
[White "Dreisler, Morten"]
[Black "Leimand, Peter Martin"]
[Result "1-0"]
[WhiteElo "2011"]
[BlackElo "1987"]
[WhiteFideId "1420593"]
[BlackFideId "1407899"]
[EventDate "2026.03.31"]
[EventType "swiss"]
[EventRounds "7"]
[EventCountry "DEN"]
[SourceTitle "Live v. Kasper Jerwiarz"]

1. d4 d5 2. c4 c6 3. Nf3 e6 4. Nc3 dxc4 5. a4 Bb4 6. e4 b5 7. Bd2 Bb7 8. b3 a5 9. bxc4 Bxc3 10. Bxc3 b4 11. Bb2 Ne7 12. Bd3 Na6 13. O-O O-O 14. h3 f6 15. Nh4 g6 16. g4 Qd7 17. Qd2 Kg7 18. f4 Rad8 19. f5 Nc7 20. g5 Ng8 21. Qg2 Qf7 22. fxg6 hxg6 23. gxf6+ Nxf6 24. e5 Qe8 1-0

[Event "DM 2026 G7 A"]
[Site "Svendborg"]
[Date "2026.04.05"]
[Round "6.1"]
[White "Balton, Tim"]
[Black "Justesen, Asger"]
[Result "0-1"]
[WhiteElo "2039"]
[BlackElo "2086"]
[WhiteFideId "1478060"]
[BlackFideId "1476173"]
[EventDate "2026.03.31"]
[EventType "swiss"]
[EventRounds "7"]
[EventCountry "DEN"]
[SourceTitle "Live v. Kasper Jerwiarz"]

1. d3 d5 2. d4 c5 3. Nc3 Nf6 4. Bg5 e6 5. e4 Qb6 6. Bxf6 gxf6 7. Nge2 Nc6 8. exd5 cxd4 9. dxc6 dxc3 10. cxb7 Bc5 11. Nd4 Bxd4 12. bxc8=Q+ Rxc8 13. Bb5+ Qxb5 14. Qxd4 Rc4 15. a4 Qc6 16. Qxf6 Qe4+ 17. Kf1 Rg8 18. bxc3 Qxg2+ 19. Ke2 Qe4+ 20. Kd2 Qd5+ 21. Kc1 Qxh1+ 22. Kb2 Qb7+ 23. Ka3 Rgg4 0-1

[Event "DM 2026 G7 A"]
[Site "Svendborg"]
[Date "2026.04.05"]
[Round "6.2"]
[White "Andersen, Rune"]
[Black "Ramsdal, Lasse Andreas"]
[Result "0-1"]
[WhiteElo "2051"]
[BlackElo "1946"]
[WhiteFideId "1405683"]
[BlackFideId "1440675"]
[EventDate "2026.03.31"]
[EventType "swiss"]
[EventRounds "7"]
[EventCountry "DEN"]
[SourceTitle "Live v. Kasper Jerwiarz"]

1. d4 d5 2. Nf3 Nf6 3. c4 c6 4. Nc3 e6 5. Bg5 Nbd7 6. e3 Qa5 7. cxd5 Nxd5 8. Qd2 Bb4 9. Rc1 Nxc3 10. bxc3 Ba3 11. Rb1 b6 12. Bd3 Ba6 13. O-O Bxd3 14. Qxd3 O-O 15. e4 e5 16. Qc4 Rac8 17. Rbd1 Rfe8 18. Rfe1 Qb5 19. Qb3 Bf8 20. Qc2 Qc4 21. Qd2 f6 22. Bh4 b5 23. Qb2 a5 24. dxe5 Nxe5 25. Nxe5 Rxe5 26. Rd4 Qf7 27. Red1 Rce8 28. Rd7 Qh5 29. Qb3+ Kh8 30. Bg3 Rxe4 31. f3 Qc5+ 32. Kf1 Rc4 33. Bf2 Qh5 34. Rd8 h6 35. a3 Be7 36. R8d7 Bc5 37. Bg3 Qf5 38. Qb2 Rce4 39. Rd8 Re7 40. a4 Qe6 41. Rxe8+ Rxe8 42. axb5 Qc4+ 0-1

[Event "DM 2026 G7 A"]
[Site "Svendborg"]
[Date "2026.04.05"]
[Round "6.3"]
[White "Sonne, Lasse"]
[Black "Eriksen, Oscar Weiss"]
[Result "1/2-1/2"]
[WhiteElo "1979"]
[BlackElo "1973"]
[WhiteFideId "1477161"]
[BlackFideId "1474804"]
[EventDate "2026.03.31"]
[EventType "swiss"]
[EventRounds "7"]
[EventCountry "DEN"]
[SourceTitle "Live v. Kasper Jerwiarz"]

1. e4 c6 2. d4 d5 3. exd5 cxd5 4. c4 Nf6 5. Nc3 g6 6. Qb3 Bg7 7. cxd5 O-O 8. Nge2 Nbd7 9. g3 Nb6 10. Bg2 e6 11. dxe6 Bxe6 12. Qd1 Qd7 13. O-O Rfe8 14. Nf4 Bc4 15. Re1 Rxe1+ 16. Qxe1 Qxd4 17. Bxb7 Re8 18. Be3 Qe5 19. Qd1 Qc7 20. Bg2 Rd8 21. Qc2 Ba6 22. Rd1 Rc8 23. Qb1 Bf8 24. Ncd5 Nbxd5 25. Nxd5 Nxd5 26. Bxd5 Re8 27. b3 Qa5 28. h4 Be2 29. Re1 Bd3 30. Qxd3 Qxe1+ 31. Kg2 Qa5 32. Qc4 1/2-1/2

[Event "DM 2026 G7 A"]
[Site "Svendborg"]
[Date "2026.04.05"]
[Round "6.4"]
[White "Jepsen, Thomas Tange"]
[Black "Bjerg, Ludvig"]
[Result "1/2-1/2"]
[WhiteElo "2008"]
[BlackElo "1958"]
[WhiteFideId "1405357"]
[BlackFideId "1477676"]
[EventDate "2026.03.31"]
[EventType "swiss"]
[EventRounds "7"]
[EventCountry "DEN"]
[SourceTitle "Live v. Kasper Jerwiarz"]

1. d4 Nf6 2. c4 e6 3. Nc3 d5 4. Nf3 c6 5. e3 Nbd7 6. cxd5 exd5 7. Bd3 Bd6 8. Bd2 O-O 9. O-O Re8 10. Qc2 Qe7 11. Ne2 Ne4 12. Bxe4 dxe4 13. Ne1 Nf6 14. f4 exf3 15. gxf3 Bh3 16. Rf2 c5 17. Nd3 Rac8 18. Qa4 a6 19. Rc1 Bd7 20. Qd1 Bb5 21. Nxc5 Bxc5 22. Rxc5 Rxc5 23. dxc5 Bxe2 24. Rxe2 Qxc5 25. Bc3 Qg5+ 26. Kh1 Qd5 1/2-1/2

[Event "DM 2026 G7 A"]
[Site "Svendborg"]
[Date "2026.04.05"]
[Round "6.5"]
[White "Leimand, Jens Christian"]
[Black "Hollesen, Kurt"]
[Result "1-0"]
[WhiteElo "2129"]
[BlackElo "1977"]
[WhiteFideId "1404270"]
[BlackFideId "1406817"]
[EventDate "2026.03.31"]
[EventType "swiss"]
[EventRounds "7"]
[EventCountry "DEN"]
[SourceTitle "Live v. Kasper Jerwiarz"]

1. d4 d5 2. c4 e6 3. Nc3 Nf6 4. cxd5 exd5 5. Bg5 Be7 6. e3 c6 7. Bd3 O-O 8. Qc2 h6 9. Bh4 a5 10. Nge2 Na6 11. a3 Nc7 12. f3 Ne6 13. O-O b6 14. Bf2 c5 15. Rac1 Bd7 16. dxc5 bxc5 17. Rfd1 Qb6 18. Bf5 Qb7 19. Rd2 Rab8 20. Rcd1 Bc6 21. Bg3 Rbd8 22. Be5 Nd7 23. Bg3 Nb6 24. Bxe6 fxe6 25. Nf4 Qc8 26. Ng6 Rf7 27. Nxe7+ Rxe7 28. Bh4 Red7 29. Bxd8 Rxd8 30. b3 a4 31. Nxa4 Bxa4 32. bxa4 Rf8 33. e4 c4 34. Kh1 Qc5 35. Qc3 dxe4 36. fxe4 Nxa4 37. Qd4 c3 38. Qxc5 Nxc5 39. Rd8 Nxe4 40. Rxf8+ Kxf8 41. Rd4 Nd2 42. Rd8+ Ke7 43. Rc8 Ne4 44. Rc4 Nf2+ 45. Kg1 Nd1 46. a4 Nb2 47. Rc7+ Kd6 48. Rxc3 Nxa4 49. Rg3 g5 50. Rh3 Nc5 51. Rxh6 Ke5 52. Kf2 Kf5 53. Rh8 Ne4+ 54. Ke3 Nf6 55. Rf8 e5 56. h3 Ke6 57. Ra8 Kf5 58. Ra5 Ke6 59. Ra6+ Ke7 60. Kf3 Kf7 61. g3 Ke7 62. Ra7+ Ke6 63. Rg7 e4+ 64. Ke3 g4 65. h4 Ke5 66. Rg5+ Ke6 67. Kf4 Ke7 68. Re5+ Kf7 69. Rxe4 Kg7 70. Re5 Kg6 71. Rg5+ Kh6 72. Rxg4 Nd5+ 73. Kf3 Nf6 74. Ra4 Nd5 75. g4 1-0

[Event "DM 2026 G7 A"]
[Site "Svendborg"]
[Date "2026.04.05"]
[Round "6.6"]
[White "Juulsen, Elias Tipsmark"]
[Black "Ramsdal, Mikkel"]
[Result "0-1"]
[WhiteElo "1933"]
[BlackElo "1995"]
[WhiteFideId "1476831"]
[BlackFideId "1438484"]
[EventDate "2026.03.31"]
[EventType "swiss"]
[EventRounds "7"]
[EventCountry "DEN"]
[SourceTitle "Live v. Kasper Jerwiarz"]

1. e4 c5 2. Nc3 Nc6 3. f4 g6 4. Nf3 Bg7 5. Bb5 Nd4 6. O-O Nxb5 7. Nxb5 d5 8. d3 d4 9. Qe1 Bd7 10. Na3 e6 11. Nc4 Bb5 12. Nfd2 Ne7 13. f5 Nc6 14. fxe6 fxe6 15. e5 Bxc4 16. Nxc4 Rf8 17. Rxf8+ Bxf8 18. Qe4 Qd5 19. Qh4 b5 20. Na3 a6 21. Qxh7 Qxe5 22. Qxg6+ Kd7 23. Qf7+ Be7 24. Bh6 Rh8 25. Qf4 Qh5 26. Bg7 Rg8 27. Qh6 Qg4 28. h3 Qxg7 29. Qxg7 Rxg7 30. g4 Ne5 31. Kg2 Bh4 32. Rf1 Rf7 33. Rxf7+ Nxf7 34. Nb1 Kd6 35. Nd2 Ng5 36. Nf1 Ke5 37. Nd2 Be1 38. Nf3+ Nxf3 39. Kxf3 Bh4 40. c3 a5 41. c4 bxc4 42. dxc4 Bg5 43. a4 Bh4 44. b3 Bg5 0-1

[Event "DM 2026 G7 A"]
[Site "Svendborg"]
[Date "2026.04.05"]
[Round "6.7"]
[White "Jensen, Morten Frank"]
[Black "Paludan, Noah"]
[Result "0-1"]
[WhiteElo "1995"]
[BlackElo "1987"]
[WhiteFideId "1407325"]
[BlackFideId "1474987"]
[EventDate "2026.03.31"]
[EventType "swiss"]
[EventRounds "7"]
[EventCountry "DEN"]
[SourceTitle "Live v. Kasper Jerwiarz"]

1. d4 Nf6 2. Nc3 d5 3. Bf4 g6 4. h4 Bg7 5. Qd2 h5 6. Nf3 c5 7. O-O-O Nc6 8. e3 O-O 9. Ne5 cxd4 10. exd4 Qa5 11. Kb1 Bf5 12. f3 Rac8 13. Nxc6 Rxc6 14. Bd3 Bxd3 15. Qxd3 a6 16. Ne2 Rfc8 17. c3 b5 18. a3 Qb6 19. b4 a5 20. Kb2 Nd7 21. g4 hxg4 22. h5 e5 23. hxg6 Rxg6 24. dxe5 Nxe5 25. Bxe5 Bxe5 26. fxg4 axb4 27. axb4 Rc4 28. Kb3 Qc6 29. Nd4 Bxd4 30. cxd4 Qd6 31. Qd2 Qg3+ 32. Qd3 Qxd3+ 33. Rxd3 Rxg4 34. Rh5 Rgxd4 35. Rxd5 Rxb4+ 36. Kc3 Rdc4+ 37. Kd2 Rb2+ 38. Ke3 b4 39. Rb5 Kg7 40. Rd2 Rb3+ 41. Ke2 Kg6 42. Rd6+ f6 43. Rbb6 Rc2+ 44. Kd1 Rf2 45. Kc1 Rc3+ 46. Kb1 Rc4 47. Re6 Kg5 48. Red6 Re4 49. Rd1 f5 0-1

[Event "DM 2026 G7 A"]
[Site "Svendborg"]
[Date "2026.04.05"]
[Round "6.8"]
[White "Jensen, Soren"]
[Black "Dreisler, Morten"]
[Result "1-0"]
[WhiteElo "1992"]
[BlackElo "2011"]
[WhiteFideId "1421204"]
[BlackFideId "1420593"]
[EventDate "2026.03.31"]
[EventType "swiss"]
[EventRounds "7"]
[EventCountry "DEN"]
[SourceTitle "Live v. Kasper Jerwiarz"]

1. e4 c5 2. b4 e6 3. bxc5 Bxc5 4. d4 Be7 5. Nf3 d6 6. Bd3 Nd7 7. O-O b6 8. Re1 e5 9. c3 Ngf6 10. Bb2 O-O 11. Nbd2 Qc7 12. Nf1 a5 13. Ng3 g6 14. Qd2 Kg7 15. Rac1 h5 16. Qg5 Kh7 17. Ba3 Ng8 18. Qd2 f6 19. Nf1 Rf7 20. Ne3 Nh6 21. Nd5 Qd8 22. Bb5 Bb7 23. dxe5 Nxe5 24. Nd4 Bxd5 25. exd5 Qc8 26. c4 Nf5 27. Rc3 Rb8 28. h3 Nxd4 29. Qxd4 f5 30. f4 Nd7 31. Bxd7 Qxd7 32. Re6 Qd8 33. Rce3 Bf6 34. Qd3 Rd7 35. Re2 Qf8 36. Kh1 Rc8 37. Bb2 Bg7 38. Bd4 Bxd4 39. Qxd4 Qd8 40. Rb2 Rb8 41. Rb3 Rg7 42. Rbe3 Qc7 43. Rg3 Qd8 44. a4 Rc8 45. Qc3 h4 46. Rg5 Qc7 47. Qe1 Qxc4 48. Qxh4+ Kg8 49. Rgxg6 Qc3 50. Qg5 Rc7 51. Qd8+ Kf7 52. Qe8# 1-0

[Event "DM 2026 G7 A"]
[Site "Svendborg"]
[Date "2026.04.05"]
[Round "6.10"]
[White "Bratholm, Palle"]
[Black "Leimand, Peter Martin"]
[Result "1-0"]
[WhiteElo "2061"]
[BlackElo "1987"]
[WhiteFideId "1404083"]
[BlackFideId "1407899"]
[EventDate "2026.03.31"]
[EventType "swiss"]
[EventRounds "7"]
[EventCountry "DEN"]
[SourceTitle "Live v. Kasper Jerwiarz"]

1. d4 d5 2. Bf4 Nf6 3. e3 Nbd7 4. Bd3 b6 5. Nd2 Bb7 6. Ngf3 e6 7. Qe2 a6 8. O-O Be7 9. h3 O-O 10. Rfe1 Ne4 11. Ne5 f5 12. f3 Nef6 13. Bh2 c5 14. c3 g6 15. e4 Re8 16. exf5 exf5 17. Nxd7 Qxd7 18. Qe6+ Qxe6 19. Rxe6 Bd8 20. Rxe8+ Nxe8 21. Re1 Kf7 22. Bc2 c4 23. Be5 Bg5 24. f4 Bh6 25. Kf2 Bc6 26. Nf1 Nf6 27. Ne3 Bf8 28. g4 fxg4 29. hxg4 Ra7 30. Rh1 h6 31. g5 Ng8 32. gxh6 Bxh6 33. Ng4 Bg7 34. Rh7 Kf8 35. Bxg6 Rb7 36. Bd6+ 1-0

[Event "DM 2026 G7 A"]
[Site "Svendborg"]
[Date "2026.04.06"]
[Round "7.1"]
[White "Justesen, Asger"]
[Black "Ramsdal, Lasse Andreas"]
[Result "1/2-1/2"]
[WhiteElo "2086"]
[BlackElo "1946"]
[WhiteFideId "1476173"]
[BlackFideId "1440675"]
[EventDate "2026.03.31"]
[EventType "swiss"]
[EventRounds "7"]
[EventCountry "DEN"]
[SourceTitle "Live v. Kasper Jerwiarz"]

1. d4 d5 2. c4 c6 3. cxd5 cxd5 4. Bf4 Nf6 5. Nc3 e6 6. e3 Nc6 7. Bd3 Bd6 8. Bxd6 Qxd6 9. f4 Bd7 10. Nf3 Rc8 11. O-O Ng4 12. Qe2 Nb4 13. Bb1 Qa6 14. Qd2 Bb5 15. Nxb5 Qxb5 16. a3 Nc6 17. Bd3 Qb6 18. Rac1 O-O 1/2-1/2

[Event "DM 2026 G7 A"]
[Site "Svendborg"]
[Date "2026.04.06"]
[Round "7.2"]
[White "Paludan, Noah"]
[Black "Balton, Tim"]
[Result "1/2-1/2"]
[WhiteElo "1987"]
[BlackElo "2039"]
[WhiteFideId "1474987"]
[BlackFideId "1478060"]
[EventDate "2026.03.31"]
[EventType "swiss"]
[EventRounds "7"]
[EventCountry "DEN"]
[SourceTitle "Live v. Kasper Jerwiarz"]

1. e4 Nc6 2. Nf3 d6 3. d4 Nf6 4. Nc3 g6 5. h3 Bg7 6. d5 Nb8 7. Be3 O-O 8. Bc4 c6 9. a4 a5 10. O-O Qc7 11. Nd2 Na6 12. Re1 Nb4 13. Bb3 Nd7 14. Nc4 Nc5 15. Bxc5 dxc5 16. d6 exd6 17. Qxd6 Qxd6 18. Nxd6 Be6 19. Bxe6 fxe6 20. Re2 Bd4 21. Nxb7 Rfb8 22. Nd6 Na6 23. Nd1 Nc7 24. c3 Bg7 25. Ne3 Ra7 26. Rd1 Rd8 27. Ndc4 Rxd1+ 28. Nxd1 Ne8 29. Rd2 Kf7 30. Rd8 Ke7 31. Rb8 Nd6 32. Nxd6 Kxd6 33. Ne3 Ke5 34. Nc4+ Kxe4 35. Rd8 Kf5 36. Kf1 Kf6 37. Rc8 Ra6 38. Ke2 e5 39. Kf3 Ke6 40. Ke4 Bf6 41. Rc7 h5 42. g3 Bh8 43. g4 hxg4 44. hxg4 Bf6 45. f3 g5 46. Rh7 Ra8 47. Rh6 Re8 48. Nxa5 Ra8 49. b4 cxb4 50. cxb4 c5 51. Nb7 cxb4 52. a5 Rc8 53. a6 Rc4+ 54. Kd3 Rc3+ 55. Ke2 Rc2+ 56. Kd3 Rc3+ 57. Ke2 Rc2+ 58. Kd1 Ra2 59. Kc1 Kf7 60. Nd6+ Kg7 61. Nf5+ Kf7 62. a7 b3 63. Rh7+ Ke6 64. Rb7 b2+ 65. Kb1 Ra1+ 66. Kxb2 e4+ 67. Kc2 exf3 68. Kd3 Ra3+ 69. Kd2 Ke5 70. Ke1 Kf4 71. Rb4+ Ke5 72. Nd4 Kd5 73. Nb5 Rxa7 74. Nxa7 Bc3+ 75. Kf2 Bxb4 76. Kxf3 Kc5 77. Ke4 Kb6 78. Kf5 Kxa7 79. Kxg5 Bd2+ 1/2-1/2

[Event "DM 2026 G7 A"]
[Site "Svendborg"]
[Date "2026.04.06"]
[Round "7.3"]
[White "Eriksen, Oscar Weiss"]
[Black "Jepsen, Thomas Tange"]
[Result "1/2-1/2"]
[WhiteElo "1973"]
[BlackElo "2008"]
[WhiteFideId "1474804"]
[BlackFideId "1405357"]
[EventDate "2026.03.31"]
[EventType "swiss"]
[EventRounds "7"]
[EventCountry "DEN"]
[SourceTitle "Live v. Kasper Jerwiarz"]

1. e4 e5 2. Nf3 Nf6 3. Nxe5 d6 4. Nf3 Nxe4 5. d4 d5 6. Bd3 Bd6 7. O-O O-O 8. Re1 Re8 9. c4 c6 10. Nc3 Nxc3 11. Rxe8+ Qxe8 12. bxc3 Nd7 13. Bg5 h6 14. Bh4 dxc4 15. Bxc4 Nb6 16. Bb3 Bg4 1/2-1/2